| 000 | 01094cam a22002651i 4500 | ||
|---|---|---|---|
| 003 | SA-RiAUC | ||
| 005 | 20250210065103.0 | ||
| 008 | 250204s1997 iq g 00000cara c | ||
| 040 |
_aSA-RiAUC _bara _cSA-RiAUC _erda |
||
| 043 | _aa-iq--- | ||
| 082 | 0 | 4 | _a920.056721 |
| 090 |
_a920.056721 _bر ا و |
||
| 100 | 1 |
_aالراوي، محمد سعيد، _dتوفي 1936 _eمؤلف. |
|
| 245 | 1 | 0 |
_aتاريخ الأسر العلمية في بغداد / _cتأليف محمد سعيد الراوي البغدادي ؛ حققه وعلق علية عماد عبد السلام رؤوف. |
| 250 | _aالطبعة الأولى. | ||
| 264 | 1 |
_aبغداد : _bدار الشؤون الثقافية العامة، _c1997 |
|
| 300 |
_a416 صفحة ؛ _c24 سم |
||
| 336 |
_aنص _btxt _2rdacontent _3كتاب |
||
| 337 |
_aبدون وسيط _bn _2rdamedia |
||
| 338 |
_aمجلد _bnc _2rdacarrier |
||
| 651 | 7 |
_aبغداد (العراق) _vتراجم _2aucsh |
|
| 700 | 1 |
_aرؤوف، عماد عبد السلام، _d1948- _eمحقق. |
|
| 942 |
_2ddc _cBOOK _n0 |
||
| 949 |
_aSA-JeALM _d250204 _umohamedma123 _n1 |
||
| 999 |
_c5763 _d5763 |
||